000 00836nam a2200241Ii 4500
003 JO-AjNU
008 230605s9999||||xx |||||||||||||| ||und||
017 _a1423/5096
020 _a9960-687-73-2
040 _aJO-AjNU
_bara
_erda
_cJO-AjNU
041 _aara
050 1 4 _aBP161.3.N332 2003
100 3 _aالنحوي، عدنان علي رضا محمد,
_eauthor
_950297
245 0 0 _aالمسلمون بين الواقع والأمل
250 _aط1
264 3 1 _aالرياض: دار النحوي للنشر والتوزيع، 2003
300 _a63ص
336 _atext
_btxt
_2rdacontent
337 _aunmediated
_bn
_2rdamedia
338 _avolume
_bnc
_2rdacarrier
490 0 _aالى لقاء المؤمنين وبناء الجيل المؤمن
650 4 _aالمسلمون- الدعوة الإسلامية
_950298
999 _aA22147
_c25715
_d25715